Rzempołuch, Andrzej, 1953-. Zespół kolegiacki w Dobrym Mieście. - Olsztyn : Warmińskie Wydawn. Diecezjalne. - 1989 [Rezension]
| Titel: | Rzempołuch, Andrzej, 1953-. Zespół kolegiacki w Dobrym Mieście. - Olsztyn : Warmińskie Wydawn. Diecezjalne. - 1989 [Rezension] |
|---|---|
| Verfasser: | |
| In: |
Studia Pelplińskie, Band 21/22 (1990), Seite 377-378 alle Artikel anzeigen |
| Veröffentlicht: | 1990/1991 [1994] |
| Format: | Aufsatz |
| Sprache: | Polnisch |
X
alg: 39526511 001A $01999:12-11-16 001B $01999:09-08-21 $t17:45:38.000 001D $01999:12-11-16 001U $0utf8 001X $00 002@ $0Aox 003@ $0395265118 007A $0395265118 $aHEB 007T $0Herdt00819 010@ $apol 011@ $a1990 $b1991 $n1990/1991 [1994] 021A $aRzempołuch, Andrzej, 1953-. Zespół kolegiacki w Dobrym Mieście. - Olsztyn : Warmińskie Wydawn. Diecezjalne. - 1989 [Rezension] 028A $#Borzyszkowski, Josef $#Bòrzëszkòwsczi, Józef $7103361952 $8Borzyszkowski, Józef$Z1946- [Tp1] $9138771383 031A $d21/22 $h377-378 $j1990 039B $aIn $8--Abvc--. Studia Pelplińskie. - Pelplin : Wydawnictwo "Bernardinum", 1969-. - ISSN 0239-4456 $x199000000210000623 $9047489731 039T $8--Aau--Rzempołuch, Andrzej$Z1953- [Tp1]. Zespół kolegiacki w Dobrym Mieście. - Wyd. 1. - Olsztyn : Warmińskie Wydawn. Diecezjalne, 1989. - 142 S.. - Ill. $9101642547 045F $a900.94382 $eDDC23BSB 045F/01 $a900 045F/03 $g4382 045F/03 $g43832 045T $aOST $qDE-12 $2FID 045T $a1 lok: 39526511 78 exp: 39526511 78 1 #EPN 201B/01 $018-11-16 $t14:20:09.000 201U/01 $0utf8 203@/01 $0791603539 208@/01 $a12-11-16 $be 209A/01 $a/ $f000 $x00 220C/01 $aTitelaufnehmer: uz 220C/01 $aHerkunft: UMK/BU Toruń 244Z/01 $2Trx $#Prusy Wschodnie i Zachodnie $8--Trx--Ost- und Westpreußen $x01 $939113373X 244Z/01 $2Trx $#arvustused $#recenzijos $#Reviews $#recenziók $#recenzje $#recenzie $#recenze $8--Trx--Rezensionen $x02 $9391357441 247C/01 $82080>Marburg/Lahn, Herder-Institut, Forschungsbibliothek, Bibliographieportal $9336309341
| LEADER | 00000caa a22000002c 4500 | ||
|---|---|---|---|
| 001 | 395265118 | ||
| 003 | DE-603 | ||
| 005 | 20210809174538.0 | ||
| 007 | tu | ||
| 008 | 161112s19901991xx |||| | u00||u|pol c | ||
| 035 | |a (DE-599)HEB395265118 | ||
| 040 | |a DE-603 |b ger |c DE-603 |d DE-603 | ||
| 041 | |a pol | ||
| 082 | 0 | 4 | |8 1\u |a 900.94382 |q DE-101 |2 23/BSB |
| 084 | |a OST |q DE-12 |2 fid | ||
| 084 | |a 1 |2 ssgn | ||
| 085 | |8 1\u |b 900 | ||
| 085 | |8 1\u |z 2 |s 4382 | ||
| 085 | |8 1\u |z 2 |s 43832 | ||
| 100 | 1 | |a Borzyszkowski, Józef |d 1946- |0 (DE-603)138771383 |0 (DE-588)103361952 |2 gnd | |
| 245 | 0 | 0 | |a Rzempołuch, Andrzej, 1953-. Zespół kolegiacki w Dobrym Mieście. - Olsztyn : Warmińskie Wydawn. Diecezjalne. - 1989 [Rezension] |
| 264 | 0 | |c 1990/1991 [1994] | |
| 773 | 0 | 8 | |i In |t Studia Pelplińskie |d Pelplin : Wydawnictwo "Bernardinum", 1969- |x 0239-4456 |g Band 21/22 (1990), Seite 377-378 |w (DE-603)047489731 |w (DE-600)304909-7 |
| 787 | 0 | 8 | |i Rezension von |a Rzempołuch, Andrzej, 1953- |t Zespół kolegiacki w Dobrym Mieście |b Wyd. 1 |d Olsztyn : Warmińskie Wydawn. Diecezjalne, 1989 |h 142 S., Ill. |w (DE-603)101642547 |
| 924 | 0 | |9 2080 |a (DE-603)791603539 |b DE-2080 |c HES |d d |g / | |


